[Event "Marseille op 4th"]
[Site "Marseille"]
[Date "2011.12.26"]
[Round "2"]
[White "Hileyan, Michel"]
[Black "Riff, Jean Noel"]
[Result "0-1"]
[WhiteElo "1986"]
[BlackElo "2502"]
[PlyCount "52"]
[EventDate "2011.12.26"]
[EventType "swiss"]
[EventRounds "9"]
[EventCountry "FRA"]
[SourceTitle "CBM 146 Extra"]
[Source "ChessBase"]
[SourceDate "2012.02.29"]
[SourceVersion "1"]
[SourceVersionDate "2012.02.29"]
[SourceQuality "1"]

1. Nf3 Nf6 2. d3 c5 3. Nbd2 d5 4. e4 e6 5. g3 Nc6 6. Bg2 Be7 7. 0-0 b6 8. Re1 Bb7 9. c3 Qc7 10. a3 h6 11. b4 dxe4 12. dxe4 Rd8 13. Qc2 0-0 14. b5 Ne5 15. Nxe5 Qxe5 16. Nf3 Qb8 17. e5 Nd7 18. Qe2 Qa8 19. Nh4 Bxh4 20. Bxb7 Qxb7 21. gxh4 f6 22. exf6 Rxf6 23. Bg5 hxg5 24. hxg5 Rf7 25. g6 Rf6 26. Qh5 Nf8 0-1

[Event "Marseille op"]
[Site "Marseille"]
[Date "2007.12.28"]
[Round "4"]
[White "Hileyan, Michel"]
[Black "Gonzalez, Gregory"]
[Result "1-0"]
[WhiteElo "1999"]
[BlackElo "1761"]
[PlyCount "111"]
[EventDate "2007.12.27"]
[EventType "swiss"]
[EventRounds "9"]
[EventCountry "FRA"]
[SourceTitle "CBM 122 Extra"]
[Source "ChessBase"]
[SourceDate "2008.03.04"]
[SourceVersion "1"]
[SourceVersionDate "2008.03.04"]
[SourceQuality "1"]

1. Nf3 Nf6 2. g3 d5 3. Bg2 e6 4. d3 b6 5. Nbd2 Bb7 6. c3 Bd6 7. 0-0 Nbd7 8. Qc2 Qe7 9. a4 Ne5 10. a5 h5 11. a6 Bc6 12. Nd4 Bd7 13. c4 h4 14. e4 hxg3 15. hxg3 Neg4 16. exd5 Nxf2 17. Rxf2 Bxg3 18. Re2 Ng4 19. N2f3 e5 20. Bg5 f6 21. Bd2 Qf7 22. Nb5 Kd8 23. Nc3 Nh2 24. Ne4 Bg4 25. Nxg3 Nxf3+ 26. Kf2 Nd4 27. Qa4 Nxe2 28. Nxe2 Bxe2 29. Kxe2 Qh5+ 30. Kf2 Qf5+ 31. Kg1 Qxd3 32. Rd1 Qd4+ 33. Kf1 Qd3+ 34. Kf2 Qf5+ 35. Kg1 Rh4 36. Qc6 Rc8 37. Be1 Rg4 38. d6 Rxg2+ 39. Qxg2 cxd6 40. Qxg7 Qg5+ 41. Qxg5 fxg5 42. Rxd6+ Ke7 43. Bb4 Kf7 44. b3 Rc7 45. Kg2 Ke8 46. Rh6 Rf7 47. Rh8+ Kd7 48. Rb8 Kc6 49. Kg3 e4 50. Rf8 Rd7 51. Rc8+ Rc7 52. Rxc7+ Kxc7 53. Bd2 Kc6 54. Bxg5 b5 55. Be3 bxc4 56. bxc4 1-0

[Event "Marseille op"]
[Site "Marseille"]
[Date "2007.12.27"]
[Round "1"]
[White "Desmas, William"]
[Black "Hileyan, Michel"]
[Result "0-1"]
[WhiteElo "1754"]
[BlackElo "1999"]
[PlyCount "32"]
[EventDate "2007.12.27"]
[EventType "swiss"]
[EventRounds "9"]
[EventCountry "FRA"]
[SourceTitle "CBM 122 Extra"]
[Source "ChessBase"]
[SourceDate "2008.03.04"]
[SourceVersion "1"]
[SourceVersionDate "2008.03.04"]
[SourceQuality "1"]

1. e4 d6 2. d4 Nf6 3. Nc3 Nbd7 4. Nf3 e5 5. dxe5 dxe5 6. Bc4 Be7 7. Bxf7+ Kxf7 8. Ng5+ Kg8 9. Ne6 Qe8 10. Nxc7 Qd8 11. N3d5 Rb8 12. Bg5 h6 13. Bh4 Nxd5 14. Qxd5+ Kh7 15. Bxe7 Qxe7 16. 0-0-0 Nf6 0-1

[Event "Marseille op"]
[Site "Marseille"]
[Date "2003.12.30"]
[Round "7"]
[White "Hileyan, Michel"]
[Black "Boudre, Jean Pierre"]
[Result "0-1"]
[WhiteElo "2048"]
[BlackElo "2370"]
[PlyCount "71"]
[EventDate "2003.12.26"]
[EventType "swiss"]
[EventRounds "9"]
[EventCountry "FRA"]
[SourceTitle "CBM 097 Extra"]
[Source "ChessBase"]
[SourceDate "2004.01.13"]
[SourceVersion "1"]
[SourceVersionDate "2004.01.13"]
[SourceQuality "1"]

1. Nf3 d5 2. g3 Bg4 3. Bg2 Nd7 4. d3 e6 5. Nbd2 Bd6 6. b3 Ne7 7. Bb2 0-0 8. 0-0 a5 9. a4 c6 10. h3 Bh5 11. e4 Re8 12. Re1 Qb8 13. Nf1 h6 14. Qd2 Bb4 15. c3 Bd6 16. N3h2 b5 17. d4 Bg6 18. e5 Bc7 19. Ne3 c5 20. f4 b4 21. g4 bxc3 22. Bxc3 cxd4 23. Bxd4 Nc6 24. f5 Nxd4 25. fxg6 fxg6 26. Qxd4 Bxe5 27. Qd3 Bxh2+ 28. Kh1 Ne5 29. Qb5 Bg3 30. Red1 Qa7 31. Nxd5 exd5 32. Bxd5+ Kh7 33. Bxa8 Rxa8 34. Qe2 Rb8 35. Rdc1 Rxb3 36. Rc8 0-1

[Event "FRA-chT2S"]
[Site "France"]
[Date "2002.11.17"]
[Round "3.5"]
[White "Desnos, Alexandre"]
[Black "Hileyan, Michel"]
[Result "1/2-1/2"]
[WhiteElo "2140"]
[BlackElo "2089"]
[PlyCount "56"]
[EventDate "2002.10.??"]
[EventType "team"]
[EventRounds "11"]
[EventCountry "FRA"]
[SourceTitle "EXT 2004"]
[Source "ChessBase"]
[SourceDate "2003.11.25"]
[SourceVersion "1"]
[SourceVersionDate "2003.11.25"]
[SourceQuality "1"]

1. d4 d6 2. c4 e5 3. d5 f5 4. Nc3 Nf6 5. Qc2 Be7 6. e4 fxe4 7. Nxe4 Nxe4 8. Qxe4 0-0 9. Qc2 Bf5 10. Bd3 Bxd3 11. Qxd3 Nd7 12. Be3 Bg5 13. Nf3 Bxe3 14. Qxe3 h6 15. 0-0 Qf6 16. Nd2 Qf4 17. Ne4 b6 18. Qe2 Nf6 19. Nxf6+ Rxf6 20. f3 Raf8 21. a3 g5 22. Qd3 Kg7 23. b4 Qf5 24. Qe2 Qf4 25. Qd3 Qf5 26. Qe2 Qf4 27. Qd3 Qf5 28. Qe2 Qf4 1/2-1/2

[Event "FRA-chT2S"]
[Site "France"]
[Date "2002.11.16"]
[Round "2.5"]
[White "Hileyan, Michel"]
[Black "Redon, Philippe"]
[Result "0-1"]
[WhiteElo "2089"]
[BlackElo "2070"]
[PlyCount "86"]
[EventDate "2002.10.??"]
[EventType "team"]
[EventRounds "11"]
[EventCountry "FRA"]
[SourceTitle "EXT 2004"]
[Source "ChessBase"]
[SourceDate "2003.11.25"]
[SourceVersion "1"]
[SourceVersionDate "2003.11.25"]
[SourceQuality "1"]

1. g3 e5 2. Bg2 d6 3. e4 Nc6 4. Nf3 f5 5. d3 Nf6 6. Nbd2 Be7 7. c3 0-0 8. 0-0 Kh8 9. b4 fxe4 10. dxe4 Qe8 11. Ne1 Bg4 12. f3 Be6 13. f4 Ng4 14. Qe2 exf4 15. gxf4 g6 16. b5 Na5 17. Nc2 c5 18. bxc6 Qxc6 19. Nd4 Qd7 20. f5 gxf5 21. exf5 Bxf5 22. Nxf5 Rxf5 23. Rxf5 Qxf5 24. Ba3 Bg5 25. Nf3 Be3+ 26. Kh1 Qf4 27. Rb1 Nc4 28. Rb4 b5 29. Rxb5 Nxa3 30. Rb4 Nf2+ 31. Kg1 Nd3+ 32. Kh1 Nxb4 33. cxb4 Rc8 34. Qb2+ Kg8 35. Ne1 Rc1 36. Bd5+ Kf8 37. Qh8+ Ke7 38. Qg7+ Ke8 39. Qg8+ Qf8 40. Qe6+ Qe7 41. Qg8+ Kd7 42. Qg4+ Kc7 43. Qe2 Bg5 0-1

[Event "Bouches du Rhone-ch 0203"]
[Site "Provence"]
[Date "2002.10.05"]
[Round "1"]
[White "Habib, George"]
[Black "Hileyan, Michel"]
[Result "0-1"]
[WhiteElo "1780"]
[BlackElo "2089"]
[PlyCount "54"]
[EventDate "2002.10.??"]
[EventType "swiss"]
[EventRounds "9"]
[EventCountry "FRA"]
[SourceTitle "EXT 2005"]
[Source "ChessBase"]
[SourceDate "2004.11.15"]
[SourceVersion "1"]
[SourceVersionDate "2004.11.15"]
[SourceQuality "1"]

1. e4 d6 2. d4 Nf6 3. Nc3 Nbd7 4. Be3 e5 5. Be2 Be7 6. h3 c6 7. Nf3 b5 8. Bd3 Bb7 9. 0-0 0-0 10. Nd2 Re8 11. Ne2 Bf8 12. Ng3 a6 13. c3 g6 14. Re1 Bg7 15. f4 h5 16. fxe5 dxe5 17. Bf2 Qe7 18. Bc2 Rad8 19. Qe2 h4 20. Ngf1 Nh5 21. dxe5 Nxe5 22. Be3 c5 23. Qf2 c4 24. Bc5 Qc7 25. Bb6 Qe7 26. Bxd8 Rxd8 27. Red1 b4 0-1

[Event "FRA-chT2"]
[Site "France"]
[Date "2001.12.09"]
[Round "4"]
[White "Lebel, Patrick"]
[Black "Hileyan, Michel"]
[Result "1-0"]
[WhiteElo "2169"]
[BlackElo "2099"]
[PlyCount "69"]
[EventDate "2002.??.??"]
[EventType "team"]
[EventRounds "11"]
[EventCountry "FRA"]
[SourceTitle "EXT 2003"]
[Source "ChessBase"]
[SourceDate "2002.11.25"]
[SourceVersion "1"]
[SourceVersionDate "2002.11.25"]
[SourceQuality "1"]

1. b4 d6 2. Bb2 e5 3. c4 Nf6 4. e3 g6 5. Nf3 Bg7 6. d4 Nbd7 7. Be2 0-0 8. Nc3 b6 9. 0-0 Bb7 10. a4 a5 11. b5 Re8 12. Qc2 e4 13. Nd2 g5 14. f3 exf3 15. Bxf3 Bxf3 16. Rxf3 g4 17. Rg3 h5 18. e4 h4 19. Re3 Bh6 20. Re2 Nh5 21. Nd5 Rc8 22. Rf1 Ndf6 23. Nxf6+ Nxf6 24. e5 g3 25. Qf5 Bg7 26. exf6 Rxe2 27. Qg4 Qf8 28. Qxe2 Bh6 29. Qh5 Kh7 30. Qxh4 gxh2+ 31. Kxh2 Re8 32. Ne4 Qg8 33. Bc1 Qg6 34. Ng3 Rg8 35. Bxh6 1-0

[Event "Majeur-chT 0001"]
[Site "France"]
[Date "2001.??.??"]
[Round "5"]
[White "Busson, Benoist"]
[Black "Hileyan, Michel"]
[Result "1/2-1/2"]
[WhiteElo "2000"]
[BlackElo "1850"]
[PlyCount "53"]
[EventDate "2000.??.??"]
[EventType "team"]
[EventRounds "9"]
[EventCountry "FRA"]
[SourceTitle "EXT 2005"]
[Source "ChessBase"]
[SourceDate "2004.11.15"]
[SourceVersion "1"]
[SourceVersionDate "2004.11.15"]
[SourceQuality "1"]

1. d4 e6 2. e4 d5 3. Be3 dxe4 4. Nd2 Nf6 5. f3 exf3 6. Ngxf3 Be7 7. Bd3 b6 8. 0-0 Bb7 9. Ne5 Nbd7 10. Bb5 0-0 11. Nc6 Bxc6 12. Bxc6 Nd5 13. Qf3 Nxe3 14. Qxe3 Rc8 15. Nf3 e5 16. Rad1 exd4 17. Nxd4 Nf6 18. Ne6 Ng4 19. Qb3 Bc5+ 20. Nxc5 Qg5 21. Nd7 Rcd8 22. Qf3 h5 23. Nxf8 Rxd1 24. Qxf7+ Kh8 25. Ng6+ Kh7 26. Nf8+ Kh8 27. Ng6+ 1/2-1/2

[Event "Majeur-chT 0001"]
[Site "France"]
[Date "2001.??.??"]
[Round "8"]
[White "Hileyan, Michel"]
[Black "Deleau, Denis"]
[Result "0-1"]
[WhiteElo "1850"]
[BlackElo "2069"]
[PlyCount "67"]
[EventDate "2000.??.??"]
[EventType "team"]
[EventRounds "9"]
[EventCountry "FRA"]
[SourceTitle "EXT 2005"]
[Source "ChessBase"]
[SourceDate "2004.11.15"]
[SourceVersion "1"]
[SourceVersionDate "2004.11.15"]
[SourceQuality "1"]

1. Nf3 g6 2. e4 Bg7 3. Nc3 d6 4. Bc4 c6 5. d3 b5 6. Bb3 a5 7. a4 b4 8. Ne2 c5 9. 0-0 e6 10. c3 Nd7 11. Be3 Ngf6 12. h3 Ba6 13. Qd2 c4 14. Bc2 0-0 15. dxc4 Bxc4 16. Rfd1 d5 17. cxb4 axb4 18. Ned4 b3 19. Nxb3 Bxb3 20. Bxb3 Nxe4 21. Qe2 Rb8 22. Ra3 Ndc5 23. Nd2 Nxd2 24. Bxc5 Nxb3 25. Bxf8 Bxf8 26. Ra2 Qb6 27. g4 Na5 28. Kg2 Qb3 29. Raa1 Qxb2 30. Qe1 Bb4 31. Qe3 Nc4 32. Qa7 Bc3 33. Rac1 Be5 34. h4 0-1

[Event "Majeur-chT 0001"]
[Site "France"]
[Date "2001.??.??"]
[Round "7"]
[White "Roux, Philippe"]
[Black "Hileyan, Michel"]
[Result "1-0"]
[WhiteElo "1940"]
[BlackElo "1850"]
[PlyCount "45"]
[EventDate "2000.??.??"]
[EventType "team"]
[EventRounds "9"]
[EventCountry "FRA"]
[SourceTitle "EXT 2005"]
[Source "ChessBase"]
[SourceDate "2004.11.15"]
[SourceVersion "1"]
[SourceVersionDate "2004.11.15"]
[SourceQuality "1"]

1. e4 c5 2. Nc3 e5 3. Bc4 Nc6 4. Nge2 a6 5. a4 Nf6 6. d3 Be7 7. 0-0 d6 8. f4 Be6 9. Bxe6 fxe6 10. f5 exf5 11. Rxf5 0-0 12. Bg5 Nd4 13. Nxd4 cxd4 14. Bxf6 Rxf6 15. Rxf6 Bxf6 16. Nd5 Rc8 17. c4 dxc3 18. bxc3 Bg5 19. Qg4 Bd2 20. Qxc8 Qxc8 21. Ne7+ Kf7 22. Nxc8 Ke6 23. Rb1 1-0

[Event "Provence-ch Majeur op 9899"]
[Site "France"]
[Date "1999.??.??"]
[Round "4"]
[White "Ortega, C1111"]
[Black "Hileyan, Michel"]
[Result "0-1"]
[WhiteElo "1820"]
[BlackElo "1850"]
[PlyCount "81"]
[EventDate "1998.??.??"]
[EventType "swiss"]
[EventRounds "9"]
[EventCountry "FRA"]
[SourceTitle "EXT 2005"]
[Source "ChessBase"]
[SourceDate "2004.11.15"]
[SourceVersion "1"]
[SourceVersionDate "2004.11.15"]
[SourceQuality "1"]

1. c4 e5 2. Nc3 Nc6 3. g3 g6 4. Bg2 Bg7 5. e3 d6 6. Nge2 Be6 7. d4 Bg4 8. d5 Nce7 9. h3 Bd7 10. e4 f5 11. Be3 Nf6 12. 0-0 0-0 13. Kh2 fxe4 14. Nxe4 Nxe4 15. Bxe4 Nf5 16. Qd3 Nxe3 17. fxe3 Qe7 18. Bg2 Rxf1 19. Rxf1 e4 20. Qd2 b5 21. Rf4 Be5 22. Rxe4 Bf5 23. Rxe5 Qxe5 24. Nc3 bxc4 25. e4 Bd7 26. Bf1 Rf8 27. Bg2 a5 28. Nd1 Ra8 29. Ne3 Bb5 30. Ng4 Qg7 31. e5 h5 32. Nf6+ Kh8 33. Qg5 Rf8 34. Be4 dxe5 35. Nxh5 gxh5 36. Qxh5+ Kg8 37. Bf5 Be8 38. Be6+ Bf7 39. Qf5 Bxe6 40. Qxe6+ Kh7 41. Kg2 0-1

[Event "Provence-ch prom Meyreuil 9798"]
[Site "France"]
[Date "1998.??.??"]
[Round "4"]
[White "Fortuit, Emilie"]
[Black "Hileyan, Michel"]
[Result "0-1"]
[WhiteElo "1710"]
[BlackElo "1850"]
[PlyCount "96"]
[EventDate "1997.??.??"]
[EventType "tourn"]
[EventRounds "9"]
[EventCountry "FRA"]
[SourceTitle "EXT 2005"]
[Source "ChessBase"]
[SourceDate "2004.11.15"]
[SourceVersion "1"]
[SourceVersionDate "2004.11.15"]
[SourceQuality "1"]

1. e4 e5 2. Nf3 Nf6 3. Nc3 Nc6 4. Bb5 Bb4 5. 0-0 0-0 6. d3 h6 7. Bxc6 bxc6 8. Nxe5 Re8 9. Nf3 d6 10. Ne2 c5 11. c3 Ba5 12. Ng3 Rb8 13. Qc2 Bb7 14. Be3 Bb6 15. h3 c4 16. Bxb6 axb6 17. Rfe1 cxd3 18. Qxd3 Qd7 19. Nd4 g6 20. Rad1 Rbd8 21. f4 c5 22. Nb5 Nxe4 23. a4 Nxg3 24. Rxe8+ Rxe8 25. Qxg3 Re2 26. Rxd6 Qf5 27. Rd8+ Kg7 28. Kf1 Rxg2 29. Qxg2 Qb1+ 30. Ke2 Bxg2 31. Nd6 Qxb2+ 32. Kd3 Bf1+ 33. Ke4 f5+ 34. Kd5 Bg2+ 35. Ke6 Bc6 36. Nc8 Qxc3 37. Kd6 Qf6+ 38. Kc7 Bxa4 39. Nd6 Qe7+ 40. Kc8 Bc6 41. h4 c4 42. h5 Qxd8+ 43. Kxd8 c3 44. hxg6 c2 45. Nxf5+ Kxg6 46. Ne7+ Kf6 47. Nxc6 c1Q 48. Ne7 Qd2+ 0-1

[Event "Provence-ch prom Meyreuil 9798"]
[Site "France"]
[Date "1998.??.??"]
[Round "6"]
[White "Parroco, Pierre Jean"]
[Black "Hileyan, Michel"]
[Result "0-1"]
[WhiteElo "1620"]
[BlackElo "1850"]
[PlyCount "56"]
[EventDate "1997.??.??"]
[EventType "tourn"]
[EventRounds "9"]
[EventCountry "FRA"]
[SourceTitle "EXT 2005"]
[Source "ChessBase"]
[SourceDate "2004.11.15"]
[SourceVersion "1"]
[SourceVersionDate "2004.11.15"]
[SourceQuality "1"]

1. e4 c5 2. Nf3 Nc6 3. d4 cxd4 4. Nxd4 e5 5. Nb5 a6 6. Nd6+ Bxd6 7. Qxd6 Qf6 8. Qd1 Qg6 9. Nc3 Nge7 10. Be3 d5 11. exd5 Nb4 12. Bd3 Nxd3+ 13. Qxd3 Bf5 14. Qe2 Qxg2 15. 0-0-0 Bg4 16. Rdg1 Qxg1+ 17. Rxg1 Bxe2 18. Nxe2 Nxd5 19. Rxg7 Nxe3 20. fxe3 Kf8 21. Rg5 f6 22. Rh5 Kf7 23. Ng3 Rag8 24. Rh4 h5 25. a4 Rg4 26. Rxg4 hxg4 27. Nf1 e4 28. a5 Rxh2 0-1

[Event "Provence-ch prom Meyreuil 9798"]
[Site "France"]
[Date "1997.??.??"]
[Round "2"]
[White "Hileyan, Michel"]
[Black "Gozzo, Jean Claude"]
[Result "0-1"]
[WhiteElo "1850"]
[BlackElo "1670"]
[PlyCount "90"]
[EventDate "1997.??.??"]
[EventType "tourn"]
[EventRounds "9"]
[EventCountry "FRA"]
[SourceTitle "EXT 2005"]
[Source "ChessBase"]
[SourceDate "2004.11.15"]
[SourceVersion "1"]
[SourceVersionDate "2004.11.15"]
[SourceQuality "1"]

1. e4 e6 2. d4 d5 3. exd5 exd5 4. Bd3 Bd6 5. Nf3 Ne7 6. Bg5 f6 7. Bh4 0-0 8. 0-0 Bf5 9. Be2 Nbc6 10. c4 Bg6 11. Nc3 dxc4 12. Bxc4+ Bf7 13. Bd3 Kh8 14. Ne4 Ng6 15. Nxd6 cxd6 16. Bg3 Nb4 17. Bf5 Ne7 18. Bh3 Nbd5 19. Nd2 Ng6 20. Qf3 Rc8 21. Bxc8 Qxc8 22. Bxd6 Re8 23. Rac1 Qd7 24. Bg3 Qa4 25. Ne4 Bg8 26. Nd6 Re7 27. Rc8 Nb6 28. Re8 Rxe8 29. Nxe8 Qxe8 30. Qxb7 Qa4 31. a3 Nd5 32. h4 Qxd4 33. h5 Ngf4 34. h6 gxh6 35. Re1 Qd2 36. Re8 Qd1+ 37. Kh2 Qh5+ 38. Kg1 Qxe8 39. Bh4 Qg6 40. g3 Nh3+ 41. Kf1 Qd3+ 42. Ke1 Qe4+ 43. Kd2 Qd4+ 44. Ke1 Qxf2+ 45. Kd1 Ne3+ 0-1